01422 a2200169 450000100040000000500170000400800410002100300150006204000400007708000390011724500160015602000220017226400340019430000240022850509710025210000290122323020260407155415.0260407a2009 arg spa dAR-UNSa-BCEJYS aAR-UNSa-BCEJYSbspacAR-UNSa-BCEJYS a657.6xAuditoria (control interno)10aAuditoría a978-987-01-0974-7 1aBuenos Aires :bErreparc2009 axxx, 609 p.c21 cm. a1. Concepto e importancia social de la auditoría - 2. Las normas contables y de auditoría - 3. La auditoría como proceso de formación de un juicio - 4. Riesgos vinculados con el proceso de auditoría - 5. La independencia - 6. Documentación del trabajo - 7. Conocimiento del ente - 8. Conocimiento del objeto auditado y planificación general de la auditoría - 9. Cuestiones inherentes a la administración de la auditoría - 10. Conocimiento del sistema de control interno - 11. La evidencia de auditoría y la realización de procedimientos de validación de saldos - 12. Los riesgos de auditoría y las pruebas de validación de saldos aplicados a los rubros y a los procesos - 13. Muestreo para determinar las bases selectivas de la auditoría - 14. Trabajos de cierre de la auditoría - 15. Informe de auditoría - 16. Otros informes del contador público - 17. Responsabilidad del contador público - 18. Algunas cuestiones especiales1 aMontanini, Gustavo Amado